Welcome to CU Library Online Public Access Catalogue (OPAC)

Accounting : (Record no. 4558)

MARC details
000 -LEADER
fixed length control field 01087cam a22002774a 4500
001 - CONTROL NUMBER
control field 14259258
005 - DATE AND TIME OF LATEST TRANSACTION
control field 20250307180327.0
008 - FIXED-LENGTH DATA ELEMENTS--GENERAL INFORMATION
fixed length control field 060209s2007 maua b 001 0 eng
020 ## - INTERNATIONAL STANDARD BOOK NUMBER
International Standard Book Number 0073100919 (alk. paper)
020 ## - INTERNATIONAL STANDARD BOOK NUMBER
International Standard Book Number 9780073100913
050 00 - LIBRARY OF CONGRESS CALL NUMBER
Classification number HF5635
Item number .A69 2007
082 00 - DEWEY DECIMAL CLASSIFICATION NUMBER
Classification number 657
Edition information 22
100 1# - MAIN ENTRY--PERSONAL NAME
Personal name Anthony, Robert N.
Fuller form of name (Robert Newton),
Dates associated with a name 1916-2006.
245 10 - TITLE STATEMENT
Title Accounting :
Remainder of title text and cases /
Statement of responsibility, etc. Robert N. Anthony, David F. Hawkins, Kenneth A. Merchant.
250 ## - EDITION STATEMENT
Edition statement 12th ed.
260 ## - PUBLICATION, DISTRIBUTION, ETC.
Place of publication, distribution, etc. Boston [Mass.] :
Name of publisher, distributor, etc. McGraw-Hill Irwin,
Date of publication, distribution, etc. c2007.
300 ## - PHYSICAL DESCRIPTION
Extent xxvi, 933 p. :
Other physical details ill. ;
Dimensions 27 cm.
650 #0 - SUBJECT ADDED ENTRY--TOPICAL TERM
Topical term or geographic name entry element Accounting.
650 #0 - SUBJECT ADDED ENTRY--TOPICAL TERM
Topical term or geographic name entry element Accounting
Form subdivision Case studies.
700 1# - ADDED ENTRY--PERSONAL NAME
Personal name Hawkins, David F.
700 1# - ADDED ENTRY--PERSONAL NAME
Personal name Merchant, Kenneth A.
856 42 - ELECTRONIC LOCATION AND ACCESS
Materials specified Publisher description
Uniform Resource Identifier <a href="http://www.loc.gov/catdir/enhancements/fy0629/2006042045-d.html">http://www.loc.gov/catdir/enhancements/fy0629/2006042045-d.html</a>
856 41 - ELECTRONIC LOCATION AND ACCESS
Materials specified Table of contents
Uniform Resource Identifier <a href="http://www.loc.gov/catdir/enhancements/fy0629/2006042045-t.html">http://www.loc.gov/catdir/enhancements/fy0629/2006042045-t.html</a>
856 42 - ELECTRONIC LOCATION AND ACCESS
Materials specified Contributor biographical information
Uniform Resource Identifier <a href="http://www.loc.gov/catdir/enhancements/fy0737/2006042045-b.html">http://www.loc.gov/catdir/enhancements/fy0737/2006042045-b.html</a>
942 ## - ADDED ENTRY ELEMENTS (KOHA)
Source of classification or shelving scheme Library of Congress Classification
Koha item type Books
Edition 12th Ed.
Suppress in OPAC No
999 ## -
-- 4558
-- 4558
Holdings
Withdrawn status Lost status Source of classification or shelving scheme Damaged status Not for loan Collection Home library Current library Shelving location Date acquired Total checkouts Full call number Barcode Date last seen Copy number Price effective from Koha item type
    Library of Congress Classification     Non-fiction Business Library (Miotso) Business Library (Miotso) General stacks 03/07/2025   HF5635 .A69 2007 BSSM00001191 03/07/2025 1 03/07/2025 Books
    Library of Congress Classification     Non-fiction Business Library (Miotso) Business Library (Miotso) General stacks 03/07/2025   HF5635 .A69 2007 BSSM00001192 03/07/2025 2 03/07/2025 Books
    Library of Congress Classification     Non-fiction Business Library (Miotso) Business Library (Miotso) General stacks 03/07/2025   HF5635 .A69 2007 BSSM00001193 03/07/2025 3 03/07/2025 Books
© 2023-2024 Copyright: Central University Libraries. All Rights Reserved | Created by: Mahone Tech Office